Detekcia archeologických štruktúr s využitím leteckého laserového skenovania
Guardado en:
| Autor principal: | |
|---|---|
| Otros Autores: | |
| Formato: | Manuscrito Libro |
| Lenguaje: | eslovaco |
| Publicado: |
2015
|
| Materias: | |
| Acceso en línea: | http://is.stuba.sk/zp/portal_zp.pl?podrobnosti=109259 https://opac.crzp.sk/?fn=detailBiblioForm&sid=A1BE4CBC10A6410E28D57B8DE444 |
| Etiquetas: |
Sin Etiquetas, Sea el primero en etiquetar este registro!
|
MARC
| LEADER | 00000ntm a22000003a 4500 | ||
|---|---|---|---|
| 001 | stuzp51716 | ||
| 003 | SK-STU | ||
| 005 | 20231109110541.4 | ||
| 007 | ta | ||
| 008 | 150427s2015----xo-----f-mn---000-0-slo-d | ||
| 040 | |a STU |b slo | ||
| 041 | 0 | |a slo | |
| 100 | 1 | |a Reváková, Lenka |u 010130 |4 aut |U SvF Stavebná fakulta |T SvF Katedra geodetických základov |X 7293 |U V130 |Y 13 |7 A000007293 | |
| 242 | 0 | 1 | |a The detection of archaeological structures using airborne laser scanning |y eng |
| 245 | 1 | 0 | |a Detekcia archeologických štruktúr s využitím leteckého laserového skenovania |
| 260 | |c 2015 | ||
| 650 | 4 | |a LIDAR |2 slo | |
| 650 | 4 | |a vizualizácia |2 slo | |
| 650 | 4 | |a filtrácia |2 slo | |
| 650 | 4 | |a skener |2 slo | |
| 650 | 4 | |a filtering |2 eng | |
| 650 | 4 | |a vizualization |2 eng | |
| 650 | 4 | |a LIDAR |2 eng | |
| 650 | 4 | |a scanner |2 eng | |
| 700 | 1 | |a Lieskovský, Tibor |4 ths |X 3805 |7 A000003805 | |
| 856 | 4 | |u http://is.stuba.sk/zp/portal_zp.pl?podrobnosti=109259 | |
| 856 | 4 | |u https://opac.crzp.sk/?fn=detailBiblioForm&sid=A1BE4CBC10A6410E28D57B8DE444 | |
| SQL | |a stuzp51716 |b DDP |c SLO |d Detekcia archeologických štruktúr s využitím leteckého laserového skenovania |e 7293 |f Reváková, Lenka |g 010130 |h 3805 |i Lieskovský, Tibor |j 20150616 |k 12 |l 01 |m http://is.stuba.sk/zp/portal_zp.pl?podrobnosti=109259 |n I-GAK |o 5.1.3. geodézia a kartografia | ||